[Event "XXXVIII Festival A"]
[Site "Imperia ITA"]
[Date "1996.09.??"]
[Round "9"]
[White "Astengo, Marcello"]
[Black "Spinelli, Doriano"]
[WhiteElo "2115"]
[BlackElo "2195"]
[Result "0-1"]
[PlyCount "74"]
[EventDate "1996.09.01"]

1. d4 d5 2. Nf3 Bf5 3. Bf4 Nc6 4. e3 e6 5. c3 f6 6. Nbd2 g5 7. Bg3 h5 8. h3 Bd6
9. Bxd6 Qxd6 10. Bb5 Nge7 11. Qe2 a6 12. Bd3 Bxd3 13. Qxd3 O-O-O 14. O-O-O g4
15. Nh4 e5 16. Nf5 Qe6 17. Nxe7+ Nxe7 18. Nb3 e4 19. Nc5 Qc6 20. Qe2 f5 21. Rh2
Rh6 22. Rdh1 Rdh8 23. Qd1 Kb8 24. Qb3 Ka7 25. Qb4 Nc8 26. hxg4 fxg4 27. Nb3 b6
28. Nd2 Nd6 29. Kd1 h4 30. b3 a5 31. Qa4 Qxc3 32. Qd7 g3 33. fxg3 R8h7 34. Qd8
Nf5 35. Nf1 Rc6 36. Nd2 Qc1+ 37. Ke2 Nxg3+ 0-1

[Event "XXXVIII Festival A"]
[Site "Imperia ITA"]
[Date "1996.09.??"]
[Round "9"]
[White "Babula, Vlastimil"]
[Black "Beeckmans, Felix"]
[WhiteElo "2545"]
[BlackElo "2175"]
[Result "1/2-1/2"]
[PlyCount "129"]
[EventDate "1996.09.01"]

1. e4 c5 2. Nf3 g6 3. d4 cxd4 4. Nxd4 Bg7 5. c4 Nf6 6. Nc3 d6 7. Be2 O-O 8. O-O
b6 9. Be3 Bb7 10. f3 Nbd7 11. Qd2 a6 12. Rac1 Qb8 13. Rc2 e6 14. Rd1 Rd8 15. g4
h5 16. g5 Ne8 17. b4 Nc7 18. Nb3 d5 19. cxd5 exd5 20. Nxd5 Nxd5 21. exd5 Ne5
22. Bxb6 Rxd5 23. Qe3 Rxd1+ 24. Bxd1 Bxf3 25. Bc7 Qb7 26. Bxe5 Bxd1 27. Rc7
Qxb4 28. Bxg7 Qg4+ 29. Kf2 Kxg7 30. Qd4+ Qxd4+ 31. Nxd4 Bg4 32. Nc6 Re8 33. a4
h4 34. Ne7 Kf8 35. Nd5 Re2+ 36. Kg1 Bf3 37. Nf6 Rg2+ 38. Kf1 Rxh2 39. Rc8+ Ke7
40. Re8+ Kd6 41. Rf8 h3 42. Rxf7 Bg2+ 43. Kg1 Rh1+ 44. Kf2 Ra1 45. Kg3 Rxa4 46.
Rg7 Ra3+ 47. Kh2 Ra2 48. Ng4 Be4+ 49. Kg3 Ra3+ 50. Kf4 Bf5 51. Ne3 Ke6 52. Rc7
a5 53. Nxf5 Ra4+ 54. Kg3 Kxf5 55. Rc5+ Ke4 56. Kxh3 Kf4 57. Kh4 Ra1 58. Rc4+
Kf5 59. Rc5+ Ke6 60. Rc6+ Kf7 61. Rc7+ Ke8 62. Rg7 a4 63. Kg3 a3 64. Kg2 a2 65.
Ra7 1/2-1/2

[Event "XXXVIII Festival A"]
[Site "Imperia ITA"]
[Date "1996.09.??"]
[Round "9"]
[White "Blasco, Domenico"]
[Black "Pegoraro, Nicola"]
[WhiteElo "2220"]
[BlackElo "2034"]
[Result "1-0"]
[PlyCount "93"]
[EventDate "1996.09.01"]

1. d4 f5 2. Bg5 g6 3. Nc3 d5 4. Qd2 Bg7 5. h4 Nc6 6. Nf3 Be6 7. O-O-O Bf7 8. e3
a6 9. Bf4 Nf6 10. Ne5 O-O 11. Be2 Nxe5 12. Bxe5 Ne4 13. Nxe4 Bxe5 14. Nc5 Bd6
15. Nxb7 Qb8 16. Nxd6 cxd6 17. Qa5 Rc8 18. Rd3 Rc6 19. Rc3 Rxc3 20. Qxc3 Qb6
21. Rd1 e5 22. dxe5 dxe5 23. Qxe5 Rb8 24. Qd4 Qa5 25. a3 Rc8 26. Bf3 Rc4 27.
Qd2 Qxd2+ 28. Rxd2 Rxh4 29. b4 f4 30. Bxd5 Rh1+ 31. Kb2 Bxd5 32. Rxd5 fxe3 33.
fxe3 Re1 34. c4 Rxe3 35. c5 Kf7 36. Rd7+ Kf6 37. Rxh7 Re2+ 38. Kb3 Rxg2 39. Ra7
Rg3+ 40. Ka4 Re3 41. Rxa6+ Kf5 42. Rd6 g5 43. c6 g4 44. c7 Rc3 45. Rd7 Kf6 46.
b5 g3 47. b6 1-0

[Event "XXXVIII Festival A"]
[Site "Imperia ITA"]
[Date "1996.09.??"]
[Round "9"]
[White "Bonugli, Carlo"]
[Black "Vismara, Daniele"]
[WhiteElo "2070"]
[BlackElo "2155"]
[Result "1/2-1/2"]
[PlyCount "25"]
[EventDate "1996.09.01"]

1. e4 c5 2. Nc3 Nc6 3. g3 g6 4. Bg2 Bg7 5. d3 e6 6. f4 d6 7. Nf3 Nge7 8. O-O
O-O 9. Be3 Nd4 10. Rb1 Rb8 11. Ne2 Nxf3+ 12. Bxf3 Qa5 13. a3 1/2-1/2

[Event "XXXVIII Festival A"]
[Site "Imperia ITA"]
[Date "1996.09.??"]
[Round "9"]
[White "Bozzali, Ermanno"]
[Black "Barlocco, Carlo"]
[WhiteElo "2195"]
[BlackElo "2195"]
[Result "1-0"]
[PlyCount "125"]
[EventDate "1996.09.01"]

1. e4 d6 2. d4 Nf6 3. Nc3 e5 4. dxe5 dxe5 5. Qxd8+ Kxd8 6. Bg5 Be6 7. O-O-O+
Nbd7 8. Nf3 Bd6 9. Nd2 Ke7 10. Bc4 c6 11. Bxe6 Kxe6 12. Nc4 Bc7 13. Ne3 h6 14.
Bh4 g5 15. Bg3 Bb8 16. Nf5 Ne8 17. Na4 Bc7 18. Rd2 b5 19. Rhd1 bxa4 20. Rxd7
Kf6 21. f3 Rc8 22. Bf2 Ng7 23. Nd6 Bxd6 24. R1xd6+ Ne6 25. Rxa7 Rhd8 26. Rxd8
Rxd8 27. Rxa4 Nf4 28. b3 Nxg2 29. Ra6 Rc8 30. Kb2 g4 31. fxg4 Kg5 32. h3 Nf4
33. Ra5 f6 34. Be3 Kh4 35. Ra7 Kxh3 36. Rh7 Kxg4 37. Rxh6 Rg8 38. Bc5 Rg7 39.
Rh1 Ne6 40. Bb6 Kf3 41. Re1 Ng5 42. Re3+ Kf4 43. Rc3 Nxe4 44. Rxc6 f5 45. a4
Nf6 46. Bc7 Ke4 47. Rc4+ Kd5 48. a5 Ne8 49. Bb6 Rg6 50. Rc8 Nd6 51. Rc5+ Ke6
52. a6 Rg8 53. Ra5 Nc8 54. Bc5 Rg7 55. a7 Nxa7 56. Rxa7 Rxa7 57. Bxa7 f4 58.
Kc3 e4 59. Kd2 Kf5 60. c4 Kg4 61. c5 e3+ 62. Ke2 Kg3 63. Bb8 1-0

[Event "XXXVIII Festival A"]
[Site "Imperia ITA"]
[Date "1996.09.??"]
[Round "9"]
[White "Cech, Pavel"]
[Black "Garano, Nicola"]
[WhiteElo "2325"]
[BlackElo "2125"]
[Result "1-0"]
[PlyCount "39"]
[EventDate "1996.09.01"]

1. d4 Nf6 2. Bg5 Ne4 3. h4 d5 4. Nd2 Bf5 5. Nxe4 Bxe4 6. f3 Bg6 7. Qd2 f6 8.
Bf4 e5 9. h5 Bf5 10. g4 Bxc2 11. dxe5 Ba4 12. Qd4 Bd7 13. Qxd5 Bb4+ 14. Kf2 Qe7
15. h6 f5 16. hxg7 Qxg7 17. Qxb7 O-O 18. Qxb4 fxg4 19. Bh6 g3+ 20. Kg2 1-0

[Event "XXXVIII Festival A"]
[Site "Imperia ITA"]
[Date "1996.09.??"]
[Round "9"]
[White "Cirabisi, Federico"]
[Black "Everet, Alexandro"]
[WhiteElo "2180"]
[BlackElo "2130"]
[Result "0-1"]
[PlyCount "60"]
[EventDate "1996.09.01"]

1. d4 d5 2. e3 g6 3. c4 c6 4. Nc3 Bg7 5. Nf3 Nf6 6. Ne5 O-O 7. Bd3 Nbd7 8. f4
Nxe5 9. fxe5 Nd7 10. cxd5 cxd5 11. O-O e6 12. b3 f6 13. Ba3 Rf7 14. Nxd5 fxe5
15. Rxf7 Kxf7 16. Be7 Qe8 17. Qf3+ Kg8 18. Nc7 Qxe7 19. Nxa8 exd4 20. Rc1 Qd8
21. Qf4 Be5 22. Qe4 dxe3 23. Be2 Kf7 24. Bg4 Bxh2+ 25. Kh1 Be5 26. Rf1+ Kg7 27.
Bxe6 Qg5 28. Qf3 e2 29. Qf7+ Kh6 30. Bxd7 exf1=Q+ 0-1

[Event "XXXVIII Festival A"]
[Site "Imperia ITA"]
[Date "1996.09.??"]
[Round "9"]
[White "Coutton, Sylvain"]
[Black "Etchegaray, Patrice"]
[WhiteElo "2155"]
[BlackElo "2295"]
[Result "1-0"]
[PlyCount "81"]
[EventDate "1996.09.01"]

1. d4 Nf6 2. c4 e6 3. Nc3 Bb4 4. Qc2 c5 5. dxc5 Na6 6. a3 Bxc3+ 7. Qxc3 Nxc5 8.
b4 Nce4 9. Qd4 d5 10. c5 b6 11. f3 bxc5 12. bxc5 Qa5+ 13. Qb4 Qc7 14. fxe4 Rb8
15. Qa4+ Bd7 16. Qc2 Nxe4 17. Nf3 O-O 18. e3 Nxc5 19. Be2 Ba4 20. Qc3 f6 21.
O-O Rfc8 22. Nd4 Bd7 23. a4 Qe5 24. Qa5 Nxa4 25. Bd2 Nc5 26. Rfc1 Ne4 27. Rxc8+
Rxc8 28. Rc1 Rb8 29. Qxa7 Nxd2 30. Qxd7 Qxe3+ 31. Kh1 Nc4 32. Qxe6+ Qxe6 33.
Nxe6 Re8 34. Bf3 Ne3 35. Nd4 Rb8 36. h3 f5 37. Re1 f4 38. Ne6 g5 39. Nxg5 d4
40. Ne6 Nc2 41. Rc1 1-0

[Event "XXXVIII Festival A"]
[Site "Imperia ITA"]
[Date "1996.09.??"]
[Round "9"]
[White "De Palma, Fabrizio"]
[Black "Colombo, Paolo"]
[WhiteElo "1866"]
[BlackElo "2205"]
[Result "1/2-1/2"]
[PlyCount "69"]
[EventDate "1996.09.01"]

1. d4 Nf6 2. Nf3 d5 3. c4 c6 4. Nc3 e6 5. Bg5 Be7 6. e3 Nbd7 7. Qc2 O-O 8. Bd3
dxc4 9. Bxc4 Nd5 10. Bxe7 Qxe7 11. O-O Re8 12. Rfe1 Nxc3 13. bxc3 e5 14. e4 b6
15. Re3 Bb7 16. Rae1 Rad8 17. h3 Rf8 18. Rf1 c5 19. Qe2 Kh8 20. Bd5 cxd4 21.
cxd4 exd4 22. Nxd4 Nc5 23. Nf5 Qc7 24. Qb2 f6 25. Rc1 Bxd5 26. exd5 Rxd5 27.
Nd4 Qd6 28. Nb5 Rd1+ 29. Rxd1 Qxd1+ 30. Kh2 Rd8 31. Nxa7 Qd6+ 32. g3 h6 33. Nb5
Qd5 34. Nc3 Qd6 35. Qe2 1/2-1/2

[Event "XXXVIII Festival A"]
[Site "Imperia ITA"]
[Date "1996.09.??"]
[Round "9"]
[White "Dinser, Hans"]
[Black "Faraci, Antonino"]
[WhiteElo "2165"]
[BlackElo "2015"]
[Result "1/2-1/2"]
[PlyCount "42"]
[EventDate "1996.09.01"]

1. d4 Nf6 2. c4 g6 3. Nf3 Bg7 4. g3 O-O 5. Bg2 d6 6. O-O Nbd7 7. e3 c5 8. Nc3
a6 9. a4 Rb8 10. Bd2 b6 11. Rb1 Bb7 12. b4 Qc7 13. dxc5 dxc5 14. b5 a5 15. Qe2
Ne4 16. Nxe4 Bxe4 17. Rbc1 Rbd8 18. Bc3 Bxc3 19. Rxc3 Qb7 20. Ne1 Bxg2 21. Nxg2
Nf6 1/2-1/2

[Event "XXXVIII Festival A"]
[Site "Imperia ITA"]
[Date "1996.09.??"]
[Round "9"]
[White "Garrido, Denis"]
[Black "Murgia, Andrea"]
[WhiteElo "2215"]
[BlackElo "2175"]
[Result "1-0"]
[PlyCount "55"]
[EventDate "1996.09.01"]

1. d4 d5 2. c4 c6 3. Nc3 Nf6 4. e3 e6 5. b3 Nbd7 6. Bd3 Be7 7. Nf3 O-O 8. O-O
Re8 9. Bb2 dxc4 10. bxc4 b6 11. Qe2 Bb7 12. Rad1 Qc7 13. Ne5 Nf8 14. f4 Rad8
15. Rf3 c5 16. Rh3 cxd4 17. exd4 g6 18. Nb1 Ba8 19. Nd2 Qb7 20. Rf1 Bb4 21.
Ndf3 Ne4 22. Bxe4 Qxe4 23. Qxe4 Bxe4 24. Ng5 Bb7 25. Nexf7 Rc8 26. Nh6+ Kg7 27.
d5+ e5 28. fxe5 1-0

[Event "XXXVIII Festival A"]
[Site "Imperia ITA"]
[Date "1996.09.??"]
[Round "9"]
[White "Hitzgerova, Gabriela"]
[Black "Micheli, Carlo"]
[WhiteElo "2125"]
[BlackElo "2305"]
[Result "1-0"]
[PlyCount "57"]
[EventDate "1996.09.01"]

1. e4 c6 2. d4 g6 3. Bd3 Bg7 4. c3 d6 5. f4 e5 6. Nf3 Bg4 7. O-O exd4 8. h3 Qb6
9. Kh1 h5 10. Qc2 dxc3 11. Nxc3 Ne7 12. Bd2 Nd7 13. Rae1 Bxf3 14. Rxf3 a5 15.
Rfe3 Bd4 16. R3e2 O-O 17. e5 dxe5 18. fxe5 Nc5 19. Bc4 Nf5 20. g4 hxg4 21. hxg4
Ne7 22. Bg5 Nd5 23. Nxd5 cxd5 24. Bxd5 Rac8 25. Rh2 Nd7 26. Qg2 Qb4 27. Re4 Kg7
28. Bh6+ Kg8 29. Bd2 1-0

[Event "XXXVIII Festival A"]
[Site "Imperia ITA"]
[Date "1996.09.??"]
[Round "9"]
[White "Jandourek, Lukas"]
[Black "Bozzi, Gianni"]
[WhiteElo "2220"]
[BlackElo "2250"]
[Result "1-0"]
[PlyCount "127"]
[EventDate "1996.09.01"]

1. e4 Nf6 2. e5 Nd5 3. d4 d6 4. exd6 cxd6 5. Nf3 g6 6. Be2 Bg7 7. O-O O-O 8. h3
Nc6 9. c4 Nb6 10. Nc3 Bf5 11. Be3 d5 12. c5 Nc4 13. Bxc4 dxc4 14. Qa4 Bd3 15.
Rfd1 Qa5 16. Qxa5 Nxa5 17. Ne1 Bf5 18. b4 Nc6 19. g4 Be6 20. b5 Nb4 21. a3 Nd5
22. Nxd5 Bxd5 23. f3 f5 24. Kg2 a6 25. a4 fxg4 26. hxg4 Rf7 27. Kg3 e5 28. Rac1
Raf8 29. dxe5 Bxf3 30. e6 Be5+ 31. Kh3 Re7 32. Rd7 Rxe6 33. Bh6 Rff6 34. Rd8+
Kf7 35. Rf8+ Ke7 36. Nxf3 Rxf8 37. Bxf8+ Kxf8 38. Re1 axb5 39. axb5 c3 40. Nxe5
c2 41. Rf1+ Ke8 42. Nc4 Re2 43. Rc1 h5 44. gxh5 gxh5 45. Nd6+ Kd7 46. Nc4 Kc7
47. Kg3 h4+ 48. Kf3 Rh2 49. Ne3 h3 50. Rxc2 Rh1 51. Kg3 Rb1 52. Nd5+ Kc8 53.
Nc3 Rb4 54. Rc1 Rc4 55. Na2 Re4 56. Kxh3 Re5 57. Nb4 b6 58. Na6 Re3+ 59. Kg4
Rb3 60. c6 Rxb5 61. Rh1 Rd5 62. Rh8+ Rd8 63. Rxd8+ Kxd8 64. Kf5 1-0

[Event "XXXVIII Festival A"]
[Site "Imperia ITA"]
[Date "1996.09.??"]
[Round "9"]
[White "Jurek, Josef"]
[Black "Maes, Valeer"]
[WhiteElo "2380"]
[BlackElo "2265"]
[Result "1-0"]
[PlyCount "101"]
[EventDate "1996.09.01"]

1. d4 Nf6 2. Nf3 g6 3. Bg5 Bg7 4. Nbd2 O-O 5. c3 d6 6. e4 Nbd7 7. Be2 e5 8.
dxe5 Nxe5 9. Nxe5 dxe5 10. O-O Qe7 11. Qc2 h6 12. Bh4 Rd8 13. Rfd1 b6 14. a4 a5
15. Nc4 Bb7 16. f3 Bc6 17. b3 Rxd1+ 18. Rxd1 Qe8 19. Qd2 Nh5 20. Ne3 Nf4 21.
Bc4 b5 22. axb5 Bxb5 23. Nd5 Nxd5 24. Qxd5 c6 25. Qd3 a4 26. b4 Bf8 27. Qe2 Kg7
28. h3 a3 29. Ra1 Qd7 30. Bf2 Qb7 31. Qa2 Qc7 32. Bb3 f5 33. exf5 gxf5 34. c4
Ba6 35. Qxa3 Bb7 36. Ba4 Qf7 37. Qc3 Kh7 38. c5 Bg7 39. Bc2 e4 40. Bd4 Rxa1+
41. Qxa1 Bxd4+ 42. Qxd4 exf3 43. g4 Bc8 44. Qf4 Kg6 45. gxf5+ Kg7 46. Qxf3 Qc4
47. Qg3+ Kf8 48. Qd6+ Kg7 49. Qc7+ Kf6 50. Qxc6+ Kg5 51. Qg6+ 1-0

[Event "XXXVIII Festival A"]
[Site "Imperia ITA"]
[Date "1996.09.??"]
[Round "9"]
[White "Krouzel, Jaroslav"]
[Black "Viaggi, Giovanni"]
[WhiteElo "2240"]
[BlackElo "2120"]
[Result "1-0"]
[PlyCount "55"]
[EventDate "1996.09.01"]

1. d4 d5 2. Nf3 Nc6 3. Bf4 Bg4 4. e3 e6 5. c4 Nf6 6. Nc3 Bd6 7. Bg5 dxc4 8.
Bxc4 Be7 9. Bb5 O-O 10. h3 Bxf3 11. Qxf3 Nb4 12. O-O c6 13. Be2 h6 14. Bh4 Rc8
15. Rfd1 Nbd5 16. e4 Nxc3 17. bxc3 Qa5 18. c4 Rfe8 19. Bg3 Nd7 20. e5 Bf8 21.
Bd3 Rcd8 22. Qe4 g6 23. Bh4 Rc8 24. Qg4 Bg7 25. f4 Kh7 26. f5 h5 27. fxg6+ fxg6
28. Qxg6+ 1-0

[Event "XXXVIII Festival A"]
[Site "Imperia ITA"]
[Date "1996.09.??"]
[Round "9"]
[White "Lips, Frantisek"]
[Black "Di Paolo, Raffaele"]
[WhiteElo "2048"]
[BlackElo "2285"]
[Result "1/2-1/2"]
[PlyCount "132"]
[EventDate "1996.09.01"]

1. d4 Nf6 2. Nf3 g6 3. c4 Bg7 4. Nc3 d6 5. e4 O-O 6. Be2 e5 7. d5 a5 8. O-O
Nbd7 9. Bg5 h6 10. Be3 Ng4 11. Bd2 f5 12. exf5 gxf5 13. h3 Ngf6 14. Nh4 Ne8 15.
g3 Nc5 16. Kg2 f4 17. Bg4 e4 18. Bxc8 f3+ 19. Kh2 Rxc8 20. Be3 Nf6 21. Qd2 Kh7
22. Nf5 Qd7 23. Nxg7 Qxg7 24. Bxc5 dxc5 25. Qe3 Qe7 26. Rae1 Rce8 27. Qf4 Rg8
28. Nb5 Rg5 29. Qxc7 Rh5 30. Qxe7+ Rxe7 31. h4 Rg7 32. Nc3 e3 33. fxe3 Ng4+ 34.
Kh3 Ne5 35. e4 Rf7 36. Re3 f2 37. g4 Nxc4 38. Re2 Re5 39. Rexf2 Rxf2 40. Rxf2
b5 41. Rf5 Re7 42. d6 Nxd6 43. Rxc5 b4 44. Nd5 Rf7 45. e5 Ne4 46. Rc7 Kg7 47.
Rxf7+ Kxf7 48. Nf4 a4 49. Nd3 a3 50. bxa3 bxa3 51. Nb4 Ke6 52. Nc2 Kxe5 53.
Nxa3 Kf4 54. Nb5 Nf2+ 55. Kg2 Nxg4 56. a4 Ne3+ 57. Kh3 Nc4 58. Nc3 Kf3 59. Nd5
Ke4 60. Ne7 Kf4 61. Nc6 Ke4 62. Kg4 Kd5 63. Ne7+ Kc5 64. Ng8 Ne3+ 65. Kh5 Nf5
66. Nxh6 Nxh4 1/2-1/2

[Event "XXXVIII Festival A"]
[Site "Imperia ITA"]
[Date "1996.09.??"]
[Round "9"]
[White "Mambrini, Augusto"]
[Black "Stodola, Jaroslav"]
[WhiteElo "2200"]
[BlackElo "2130"]
[Result "0-1"]
[PlyCount "44"]
[EventDate "1996.09.01"]

1. d4 Nf6 2. Nf3 g6 3. Bf4 Bg7 4. h3 O-O 5. e3 d6 6. Nbd2 Nc6 7. Bc4 Nd7 8. O-O
e5 9. Bg5 Qe8 10. dxe5 Ndxe5 11. Nxe5 Qxe5 12. Nf3 Qxb2 13. Rb1 Qc3 14. Bd5 Nb4
15. Rb3 Qc5 16. e4 Nxa2 17. Be3 Qa5 18. Bd4 Bxd4 19. Qxd4 c6 20. Ra1 cxd5 21.
exd5 b6 22. Rb2 Nc3 0-1

[Event "XXXVIII Festival A"]
[Site "Imperia ITA"]
[Date "1996.09.??"]
[Round "9"]
[White "Marinescu, Marian"]
[Black "Malano, Francesco"]
[WhiteElo "2130"]
[BlackElo "2080"]
[Result "1-0"]
[PlyCount "159"]
[EventDate "1996.09.01"]

1. d4 Nf6 2. Nf3 e6 3. Bg5 h6 4. Bxf6 Qxf6 5. e4 d6 6. Bd3 e5 7. c3 Bg4 8. Qb3
b6 9. Nbd2 Be7 10. dxe5 dxe5 11. Qd5 c6 12. Qxe5 O-O 13. O-O Nd7 14. Qg3 Bxf3
15. Nxf3 Bd6 16. Qg4 Rad8 17. Rad1 Rfe8 18. Bc2 g6 19. Nd4 Ne5 20. Qh3 c5 21.
Nb5 Bf8 22. Nc7 Rxd1 23. Bxd1 Rd8 24. Nd5 Qe6 25. Qe3 Nc4 26. Qe2 Nd6 27. Bb3
Bg7 28. f3 Qe5 29. Re1 Re8 30. Ba4 Rd8 31. Bc6 Nc8 32. f4 Qd6 33. Ba4 Ne7 34.
Bb3 Nxd5 35. Bxd5 Rd7 36. g3 Kh7 37. Rd1 Qe7 38. Kg2 h5 39. e5 Qd8 40. Bf3 Rxd1
41. Qxd1 Qxd1 42. Bxd1 f5 43. Be2 Bf8 44. Kf3 Kg7 45. Bc4 Be7 46. h3 Kh6 47. a4
Bd8 48. Be6 h4 49. g4 fxg4+ 50. hxg4 g5 51. Bd5 gxf4 52. Kxf4 Kg6 53. Be4+ Kf7
54. Kf5 h3 55. Bd5+ Kf8 56. g5 h2 57. c4 Kg7 58. b3 Be7 59. Ke6 Bxg5 60. Kd7
Kf8 61. e6 Bf6 62. Kc6 Bd8 63. Kb7 a5 64. Kc8 Ke8 65. Bh1 Ke7 66. Bc6 Kd6 67.
Kxd8 Kxc6 68. e7 h1=Q 69. e8=Q+ Kb7 70. Qd7+ Ka6 71. Qc8+ Qb7 72. Qxb7+ Kxb7
73. Kd7 Ka6 74. Kc6 Ka7 75. Kc7 Ka6 76. Kb8 b5 77. axb5+ Kb6 78. Kc8 a4 79.
bxa4 Ka5 80. Kc7 1-0

[Event "XXXVIII Festival A"]
[Site "Imperia ITA"]
[Date "1996.09.??"]
[Round "9"]
[White "Minnebo, Alain"]
[Black "Patelli, Alessandro"]
[WhiteElo "2214"]
[BlackElo "2240"]
[Result "1/2-1/2"]
[PlyCount "25"]
[EventDate "1996.09.01"]

1. c4 e6 2. g3 d5 3. Bg2 dxc4 4. Qa4+ Bd7 5. Qxc4 Bc6 6. Nf3 Nf6 7. O-O Be7 8.
d4 O-O 9. Bf4 Na6 10. Nc3 Nb4 11. a3 Nbd5 12. Nxd5 Qxd5 13. Qxd5 1/2-1/2

[Event "XXXVIII Festival A"]
[Site "Imperia ITA"]
[Date "1996.09.??"]
[Round "9"]
[White "Mrdja, Milan"]
[Black "Lacrosse, Marc"]
[WhiteElo "2455"]
[BlackElo "2250"]
[Result "1-0"]
[PlyCount "87"]
[EventDate "1996.09.01"]

1. e4 e5 2. Nf3 Nc6 3. Bb5 a6 4. Ba4 Nf6 5. O-O Nxe4 6. d4 b5 7. Bb3 Be7 8.
dxe5 O-O 9. Bd5 Nc5 10. Nc3 Bb7 11. Bf4 Kh8 12. a4 b4 13. Ne4 Nxe4 14. Bxe4 f6
15. Be3 Rb8 16. exf6 Bxf6 17. Qd3 Bxb2 18. Rab1 Bc3 19. Rbd1 d6 20. Bxc6 Bxc6
21. Ng5 g6 22. Ne6 Qf6 23. Nxf8 Rxf8 24. Bd4 Bxd4 25. Qxd4 a5 26. Qxf6+ Rxf6
27. Rd2 Rf5 28. Ra1 Rc5 29. f3 Kg7 30. Kf2 Rc3 31. Ke2 Kf6 32. Kd1 Ke5 33. Re2+
Kd4 34. Kc1 Kc5 35. Kb2 d5 36. Re7 Kb6 37. Rxh7 d4 38. Rg7 d3 39. cxd3 Rxd3 40.
Rxg6 Kb7 41. Kc2 Rc3+ 42. Kd2 Be8 43. Rg8 Bf7 44. Rg7 1-0

[Event "XXXVIII Festival A"]
[Site "Imperia ITA"]
[Date "1996.09.??"]
[Round "9"]
[White "Ortega, Lexy"]
[Black "Lostuzzi, Manlio"]
[WhiteElo "2495"]
[BlackElo "2340"]
[Result "1-0"]
[PlyCount "73"]
[EventDate "1996.09.01"]

1. d4 Nf6 2. Nf3 c5 3. d5 b5 4. Bg5 d6 5. Bxf6 exf6 6. e4 a6 7. a4 b4 8. Bd3 g6
9. Nbd2 Bg7 10. Nc4 O-O 11. O-O Qc7 12. Nfd2 Nd7 13. f4 Bb7 14. g4 Rae8 15. a5
Kh8 16. Rf3 f5 17. gxf5 Bd4+ 18. Kf1 gxf5 19. c3 bxc3 20. bxc3 Bxc3 21. Rb1 Nf6
22. Qc2 Bd4 23. Rxb7 Qxb7 24. Nxd6 Qc7 25. Nxe8 Rxe8 26. d6 Qxa5 27. e5 Ng4 28.
Ke2 Qd8 29. Bxf5 Nxe5 30. fxe5 Rxe5+ 31. Kd1 Qxd6 32. Nc4 Bc3+ 33. Qd3 Qxd3+
34. Bxd3 Rh5 35. h3 f6 36. Ke2 Bd4 37. Nd6 1-0

[Event "XXXVIII Festival A"]
[Site "Imperia ITA"]
[Date "1996.09.??"]
[Round "9"]
[White "Pax, Horst"]
[Black "Mollero, Michele"]
[WhiteElo "2180"]
[BlackElo "2030"]
[Result "1/2-1/2"]
[PlyCount "95"]
[EventDate "1996.09.01"]

1. e4 Nf6 2. e5 Nd5 3. c4 Nb6 4. d4 d6 5. f4 dxe5 6. fxe5 Nc6 7. Be3 Bf5 8. Nc3
e6 9. Nf3 Bg4 10. Be2 Bxf3 11. gxf3 Qh4+ 12. Bf2 Qf4 13. Qc1 Qxc1+ 14. Rxc1
O-O-O 15. Rd1 Bb4 16. Rg1 Na4 17. Kf1 Bxc3 18. bxc3 Nxc3 19. Rd3 Nxe2 20. Kxe2
g6 21. Ke3 Ne7 22. Ke4 c6 23. Bh4 Rhe8 24. Bxe7 Rxe7 25. h4 h5 26. Rc1 Kb8 27.
Kf4 Red7 28. Rcd1 b5 29. cxb5 cxb5 30. Kg5 a5 31. Kf6 b4 32. f4 a4 33. d5 exd5
34. Rd4 Rb7 35. Rb1 b3 36. axb3 axb3 37. Rd3 b2 38. Rd2 Rdd7 39. Rdxb2 Rxb2 40.
Rxb2+ Kc7 41. e6 fxe6 42. Kxg6 d4 43. Kf6 d3 44. Rd2 Rd6 45. Ke5 Kd7 46. Ke4
Kc6 47. Rxd3 Rxd3 48. Kxd3 1/2-1/2

[Event "XXXVIII Festival A"]
[Site "Imperia ITA"]
[Date "1996.09.??"]
[Round "9"]
[White "Plesek, Jiri"]
[Black "Budka, Jan"]
[WhiteElo "2290"]
[BlackElo "2018"]
[Result "1/2-1/2"]
[PlyCount "25"]
[EventDate "1996.09.01"]

1. d4 Nf6 2. Nf3 b6 3. c4 e6 4. g3 Bb7 5. Bg2 c5 6. O-O Be7 7. Nc3 cxd4 8. Nxd4
Bxg2 9. Kxg2 Nc6 10. Nxc6 dxc6 11. Qxd8+ Rxd8 12. Bg5 O-O 13. Rad1 1/2-1/2

[Event "XXXVIII Festival A"]
[Site "Imperia ITA"]
[Date "1996.09.??"]
[Round "9"]
[White "Rossi, Giampiero"]
[Black "Tonon, Alessandro"]
[WhiteElo "2105"]
[BlackElo "2105"]
[Result "0-1"]
[PlyCount "60"]
[EventDate "1996.09.01"]

1. d4 Nf6 2. c4 e6 3. Nc3 Bb4 4. Qc2 c5 5. dxc5 Na6 6. a3 Bxc3+ 7. Qxc3 Nxc5 8.
f3 a5 9. e4 O-O 10. Be3 Qc7 11. Ne2 b6 12. Rc1 a4 13. Nd4 d5 14. cxd5 exd5 15.
Nb5 Qd8 16. Bxc5 bxc5 17. Qxc5 dxe4 18. Rd1 Qa5+ 19. Qc3 Qb6 20. Qd4 Qc6 21.
Qd6 Qc2 22. Qd2 Qc5 23. Qd4 Qg5 24. Kf2 Rb8 25. h4 Qf4 26. Kg1 Bd7 27. Nd6 Bc6
28. Nxe4 Bxe4 29. fxe4 Nxe4 30. Bd3 Rfd8 0-1

[Event "XXXVIII Festival A"]
[Site "Imperia ITA"]
[Date "1996.09.??"]
[Round "9"]
[White "Sarno, Spartaco"]
[Black "Bancod, Ronald"]
[WhiteElo "2410"]
[BlackElo "2400"]
[Result "1/2-1/2"]
[PlyCount "88"]
[EventDate "1996.09.01"]

1. c4 g6 2. Nc3 Bg7 3. g3 Nf6 4. Bg2 O-O 5. Nf3 d6 6. O-O e5 7. d3 Nc6 8. Rb1
a5 9. a3 Re8 10. Ne1 Nd4 11. b4 axb4 12. axb4 Rb8 13. e3 Nf5 14. b5 h5 15. Bd2
Nh7 16. Nd5 h4 17. Ba5 b6 18. Bd2 Ne7 19. Nxe7+ Qxe7 20. Nc2 hxg3 21. fxg3 Qg5
22. Nb4 Bg4 23. Bf3 Nf6 24. e4 Qh5 25. Ra1 Ra8 26. Bxg4 Nxg4 27. Qe2 Rxa1 28.
Rxa1 f5 29. Rf1 Ra8 30. Qg2 Ra3 31. h3 Nf6 32. exf5 gxf5 33. Nd5 Nxd5 34. Qxd5+
Kh8 35. Bc1 Rc3 36. Bd2 Rc2 37. Qg2 Bh6 38. g4 Qg6 39. Qa8+ Kh7 40. Bxh6 Qxh6
41. Qf3 f4 42. Rf2 Rxf2 43. Kxf2 Qh4+ 44. Ke2 Kg7 1/2-1/2

[Event "XXXVIII Festival A"]
[Site "Imperia ITA"]
[Date "1996.09.??"]
[Round "9"]
[White "Sejkora, Vlastimil"]
[Black "Cugini, Verter"]
[WhiteElo "2235"]
[BlackElo "2255"]
[Result "1/2-1/2"]
[PlyCount "66"]
[EventDate "1996.09.01"]

1. e4 e6 2. d4 d5 3. Nd2 Nf6 4. e5 Ne4 5. Bd3 Nxd2 6. Bxd2 c5 7. dxc5 Nd7 8.
Nf3 Nxc5 9. O-O Be7 10. Be3 Nxd3 11. Qxd3 O-O 12. c4 b6 13. cxd5 Qxd5 14. Qxd5
exd5 15. a4 Be6 16. a5 Bc5 17. Nd4 Rfc8 18. h3 Rab8 19. Rfc1 h6 20. axb6 axb6
21. g4 Bxd4 22. Bxd4 Rxc1+ 23. Rxc1 g5 24. Kg2 b5 25. Kg3 Rc8 26. Rxc8+ Bxc8
27. h4 Kh7 28. hxg5 hxg5 29. b4 Be6 30. f3 Kg6 31. Kf2 Kh6 32. Ke3 Kg6 33. Bc3
d4+ 1/2-1/2

[Event "XXXVIII Festival A"]
[Site "Imperia ITA"]
[Date "1996.09.??"]
[Round "9"]
[White "Tortarolo, Massimiliano"]
[Black "Beil, Zdenek"]
[WhiteElo "2235"]
[BlackElo "2325"]
[Result "0-1"]
[PlyCount "66"]
[EventDate "1996.09.01"]

1. e4 c5 2. Nf3 Nc6 3. d4 cxd4 4. Nxd4 e6 5. Nb5 d6 6. c4 Nf6 7. N1c3 a6 8. Nd4
Be7 9. Be2 O-O 10. O-O Qc7 11. Be3 Bd7 12. Rc1 Rfc8 13. f3 Nxd4 14. Bxd4 Qa5
15. Qe1 Bd8 16. a3 e5 17. Be3 b5 18. Nd5 Nxd5 19. Qxa5 Nxe3 20. Qd2 Bb6 21. Rf2
Bd4 22. Bf1 Rab8 23. c5 Rxc5 24. Rxc5 dxc5 25. Kh1 b4 26. axb4 Rxb4 27. h3 Ra4
28. Kh2 Ra1 29. Bd3 Be6 30. Kg3 g5 31. Qe2 c4 32. Bc2 h5 33. h4 Rh1 0-1

[Event "XXXVIII Festival A"]
[Site "Imperia ITA"]
[Date "1996.09.??"]
[Round "9"]
[White "Travaglini, Alberto"]
[Black "Vasicek, Martin"]
[WhiteElo "2021"]
[BlackElo "2125"]
[Result "1/2-1/2"]
[PlyCount "50"]
[EventDate "1996.09.01"]

1. d4 Nf6 2. Bf4 d5 3. e3 c6 4. Nd2 Bf5 5. Ngf3 e6 6. Ne5 Nbd7 7. g4 Nxe5 8.
gxf5 Ned7 9. fxe6 fxe6 10. Nf3 Qe7 11. c3 g6 12. Qb3 Nb6 13. O-O-O Bg7 14. Ng5
h6 15. Nf3 Ne4 16. Qc2 O-O-O 17. Bd3 g5 18. Be5 Nd6 19. Bg3 Nd7 20. Qa4 e5 21.
dxe5 Nxe5 22. Nd4 Kb8 23. Qb4 Ka8 24. Rhe1 Qd7 25. Bc2 Rhe8 1/2-1/2